=LDR 00000nam 2200000 4500 =001 INLIS000000000016069 =005 20210617094452 =035 ##$$a 0010-061300000016069 =008 210617################g##########0#ind## =041 ##$$a Ind =082 ##$$a 340.115 =090 ##$$a 340.115, Raj k =100 ##$$a Rajagukguk, Erman =245 1#$$a Hukum dan Masyarakat /$c Erman Rajagukguk SH.L.L.M =260 ##$$a Jakarta :$b Bumi Aksara,$c 1993 =300 ##$$a 122 hlm ; $c 21x14 cm =650 #4$$a Hukum dan Masyarakat =850 ##$$a NBPNMAT =084 ##$$a 340.115 RAJ h =250 ##$$a cet.1 =990 ##$$a 55.120/pro93 =990 ##$$a 55.121/pro93 =990 ##$$a 112.121/pro97 =990 ##$$a 1417/Pro.80 =990 ##$$a 00050633 =990 ##$$a 112.123/Pro-97